000
00331nam a22001217a 4500
003
SGT
082
_a
891.4309
_b
Y08D
100
_a
दयानन्द, महर्षि
245
_a
यदुवंश सहाय
260
_b
लोकभारती पेपरबैक्स
_c
2008
300
_a
348
942
_2
ddc
_c
BK
999
_c
31848
_d
31848